000
00282nam a2200121Ia 4500
008
190216s9999||||xx |||||||||||||| ||und||
100
_a
Surendrakumar Pandya
245
0
_a
Hindi-Rathna Vimarsh
260
_b
Sahithya Sangam
300
_a
159
650
_a
Hindi
942
_c
BK
999
_c
16246
_d
16246